Catálogo

Pediatría para la familia : (Registro nro. 62880)

Detalles MARC
000 -LEADER
fixed length control field 00985nam a2200277 a 4500
001 - CONTROL NUMBER
control field 62880
005 - DATE AND TIME OF LATEST TRANSACTION
control field 20180714065055.0
008 - FIXED-LENGTH DATA ELEMENTS--GENERAL INFORMATION
fixed length control field 150612s2007 sp a r 000 0 spa d
020 ## - INTERNATIONAL STANDARD BOOK NUMBER
International Standard Book Number 9788425423673
041 0# - LANGUAGE CODE
Language code of text/sound track or separate title spa
082 0# - DEWEY DECIMAL CLASSIFICATION NUMBER
Classification number 618.920024
Item number GOE
100 1# - MAIN ENTRY--PERSONAL NAME
Personal name Goebel, Wolfgang
Relator term autor
245 10 - TITLE STATEMENT
Title Pediatría para la familia :
Remainder of title una obra de consulta médico-pedagógica /
Statement of responsibility, etc. Wolfgang Goebel; Michaela Glöckler.
250 ## - EDITION STATEMENT
Edition statement [Primera edición]
264 #1 - PRODUCTION, PUBLICATION, DISTRIBUTION, MANUFACTURE, AND COPYRIGHT NOTICE
Place of production, publication, distribution, manufacture España :
Name of producer, publisher, distributor, manufacturer Herder Editorial, S.L.,
Date of production, publication, distribution, manufacture, or copyright notice 2007
300 ## - PHYSICAL DESCRIPTION
Extent 737 páginas :
Other physical details ilustraciones ;
Dimensions 23 cm.
336 ## - CONTENT TYPE
Content type term texto
Source rdacontent
337 ## - MEDIA TYPE
Media type term sin mediación
Source rdamedia
338 ## - CARRIER TYPE
Carrier type term volumen
Source rdacarrier
650 #4 - SUBJECT ADDED ENTRY--TOPICAL TERM
Topical term or geographic name entry element Pediatría
General subdivision Medicina alternativa
650 #4 - SUBJECT ADDED ENTRY--TOPICAL TERM
Topical term or geographic name entry element Medicina
General subdivision Enseñanza
700 1# - ADDED ENTRY--PERSONAL NAME
Personal name Glöckler, Michaela
Dates associated with a name 1946-
Relator term autor
700 1# - ADDED ENTRY--PERSONAL NAME
Personal name Rubies, Carlota
Relator term traductor
700 1# - ADDED ENTRY--PERSONAL NAME
Personal name Ihmig, Alexandra
Relator term traductor
740 0# - ADDED ENTRY--UNCONTROLLED RELATED/ANALYTICAL TITLE
Uncontrolled related/analytical title Kindersprechstunde. Ein medizinisch-pädagogischer Ratgeber
Existencias
Withdrawn status Lost status Source of classification or shelving scheme Damaged status Not for loan Collection code Home library Current library Shelving location Date acquired Source of acquisition Inventory number Total Checkouts Full call number Barcode Date last seen Price effective from Koha item type
    Dewey Decimal Classification     General Biblioteca Karol Wojtyla Biblioteca Karol Wojtyla Sala general 12/06/2015 Compra 151000000000000000003631   618.920024 GOE 2007 94079 05/01/2026 07/10/2015 Reserva permanente